| 000 | 00514nam a2200169 i 4500 | ||
|---|---|---|---|
| 001 | 40036 | ||
| 003 | ES-MaACL | ||
| 005 | 20230906160127.0 | ||
| 007 | t| | ||
| 008 | 030305s1967 sp ||||1| spa d | ||
| 245 | 0 | 0 |
_aCantos de Nadal, Aninovo e Reis / _cescolma, ordenación y prólogo de Xosé Mª Alvarez Blázquez. |
| 250 | _a[1ª ed.]. | ||
| 260 |
_aVigo : _bCastrelos, _c[1967] |
||
| 300 |
_a126 p. ; _c18 cm. |
||
| 700 | 1 |
_aÁlvarez Blázquez, Xosé María. _920707 |
|
| 852 |
_aES-MaACL _jC-34271 _bR.64877 |
||
| 999 |
_c40036 _d40036 |
||